Entrepreneurship in action (Record no. 2402)

MARC details
000 -LEADER
fixed length control field 00427nam a22001697a 4500
005 - DATE AND TIME OF LATEST TRANSACTION
control field 20180703155316.0
008 - FIXED-LENGTH DATA ELEMENTS--GENERAL INFORMATION
fixed length control field 160611b xxu||||| |||| 00| 0 eng d
020 ## - INTERNATIONAL STANDARD BOOK NUMBER
ISBN 978-81-203-2808-2
041 ## - LANGUAGE CODE
Language code of text/sound track or separate title eng
082 ## - DEWEY DECIMAL CLASSIFICATION NUMBER
Item number 6901
Classification number 658.11
100 ## - MAIN ENTRY--AUTHOR NAME
Personal name Coulter, Mary
245 ## - TITLE STATEMENT
Title Entrepreneurship in action
260 ## - PUBLICATION, DISTRIBUTION, ETC. (IMPRINT)
Place of publication New Delhi
Name of publisher PHI Learning Pvt. Ltd.
Year of publication 2008
300 ## - PHYSICAL DESCRIPTION
Number of Pages 361p,
650 ## - SUBJECT ADDED ENTRY--TOPICAL TERM
Topical Term Management
942 ## - ADDED ENTRY ELEMENTS (KOHA)
Koha item type Books
Holdings
Lost status Damaged status Collection code Home library Current library Shelving location Date acquired Cost, normal purchase price Full call number Accession Number Koha item type
    MANAGEMENT JRU Library JRU Library SHELF-70 E 11/06/2016 325.00 658.11 6901 Books
    MANAGEMENT JRU Library JRU Library SHELF-70 E 11/06/2016 325.00 658.11 6902 Books
    MANAGEMENT JRU Library JRU Library SHELF-70 E 11/06/2016 325.00 658.11 6903 Books
      JRU Library   SHELF-17-G 11/06/2016 325.00 658.11 6904 Books
    MANAGEMENT JRU Library JRU Library SHELF-70 E 11/06/2016 325.00 658.11 6905 Books
    MANAGEMENT JRU Library JRU Library SHELF-70 E 11/06/2016 325.00 658.11 6906 Books
    MANAGEMENT JRU Library JRU Library SHELF-70 E 11/06/2016 325.00 658.11 6907 Books
    Reference JRU Library   SHELF-30-E 11/06/2016 325.00 658.11 6908 Books
    MANAGEMENT JRU Library JRU Library SHELF-70 E 11/06/2016 325.00 658.11 6909 Books